<?xml version="1.0" encoding="UTF-8"?><?xml-stylesheet type="text/xsl" href="static/style.xsl"?><OAI-PMH xmlns="http://www.openarchives.org/OAI/2.0/" xmlns:xsi="http://www.w3.org/2001/XMLSchema-instance" xsi:schemaLocation="http://www.openarchives.org/OAI/2.0/ http://www.openarchives.org/OAI/2.0/OAI-PMH.xsd"><responseDate>2026-04-13T05:04:13Z</responseDate><request verb="GetRecord" identifier="oai:www.recercat.cat:10256/16504" metadataPrefix="marc">https://recercat.cat/oai/request</request><GetRecord><record><header><identifier>oai:recercat.cat:10256/16504</identifier><datestamp>2024-06-18T12:37:15Z</datestamp><setSpec>com_2072_452955</setSpec><setSpec>com_2072_2054</setSpec><setSpec>col_2072_453068</setSpec></header><metadata><record xmlns="http://www.loc.gov/MARC21/slim" xmlns:dcterms="http://purl.org/dc/terms/" xmlns:xsi="http://www.w3.org/2001/XMLSchema-instance" xmlns:doc="http://www.lyncode.com/xoai" xsi:schemaLocation="http://www.loc.gov/MARC21/slim http://www.loc.gov/standards/marcxml/schema/MARC21slim.xsd">
   <leader>00925njm 22002777a 4500</leader>
   <datafield ind2=" " ind1=" " tag="042">
      <subfield code="a">dc</subfield>
   </datafield>
   <datafield ind2=" " ind1=" " tag="720">
      <subfield code="a">Grau Martín, Armand</subfield>
      <subfield code="e">author</subfield>
   </datafield>
   <datafield ind2=" " ind1=" " tag="720">
      <subfield code="a">Suñer Soler, Rosa</subfield>
      <subfield code="e">author</subfield>
   </datafield>
   <datafield ind2=" " ind1=" " tag="720">
      <subfield code="a">García, María M.</subfield>
      <subfield code="e">author</subfield>
   </datafield>
   <datafield ind2=" " ind1=" " tag="260">
      <subfield code="c">2005</subfield>
   </datafield>
   <datafield ind2=" " ind1=" " tag="520">
      <subfield code="a">High rates of professional burnout syndrome have&#xd;
been found among health service professionals. Our objective&#xd;
was to study the prevalence of burnout syndrome in hospital&#xd;
health workers and to determine its relationship with personal&#xd;
and environmental factors.&#xd;
Methods: A total of 2290 health workers from five hospitals&#xd;
in the province of Girona (Spain) were invited to participate.&#xd;
Interviewees were given a specifically designed questionnaire,&#xd;
a questionnaire on organizational climate, and the Spanish&#xd;
version of the Maslach Burnout Inventory, which includes three&#xd;
scales: emotional exhaustion, depersonalization, and reduced&#xd;
personal accomplishment.&#xd;
Results: Responses were received from 1095 health workers&#xd;
(a response rate of 47.8%). A high level of emotional exhaustion&#xd;
was found in 41.6% of staff members, especially&#xd;
among doctors and nurses; a high level of depersonalization&#xd;
was found in 23%, mainly among doctors, and reduced personal&#xd;
accomplishment was found in 27.9%, mainly among technicians&#xd;
and doctors. Multiple logistic regression revealed that&#xd;
a high level of emotional exhaustion was associated with frequent&#xd;
consumption of tranquilizers or antidepressants, whereas&#xd;
optimism and job satisfaction showed an inverse association.&#xd;
The variables that were inversely associated with a&#xd;
high level of depersonalization were the number of years in&#xd;
the profession, optimism, evaluation of work as being useful&#xd;
and the perception of being valued by others. Reduced personal&#xd;
accomplishment was also inversely associated with optimism,&#xd;
satisfaction with the usefulness of one’s work, and satisfaction&#xd;
with teamwork.&#xd;
Conclusions: In view of the results obtained, to reduce professional&#xd;
burnout in hospitals, optimism and a sense of selfworth&#xd;
among individuals should be encouraged and the organizational&#xd;
environment should be improved</subfield>
   </datafield>
   <datafield ind2=" " ind1=" " tag="520">
      <subfield code="a">Entre los profesionales sanitarios se han hallado&#xd;
altos índices de desgaste profesional. Nuestro objetivo fue estudiar&#xd;
la prevalencia del síndrome de desgaste profesional en&#xd;
los trabajadores sanitarios hospitalarios, y valorar su relación&#xd;
con los factores personales y ambientales.&#xd;
Métodos: Un total de 2.290 trabajadores sanitarios de 5 hospitales&#xd;
de Girona fueron invitados a participar. Se les administró&#xd;
un cuestionario de elaboración propia, una encuesta del&#xd;
clima organizacional, y el Maslach Burnout Inventory, que incluye&#xd;
tres dimensiones: cansancio emocional, despersonalización&#xd;
y baja realización personal.&#xd;
Resultados: Contestaron la encuesta 1.095 trabajadores (con&#xd;
un 47,8% de participación). Un 41,6% presentó un alto nivel&#xd;
de cansancio emocional, sobre todo los médicos y el personal&#xd;
de enfermería; un 23% tuvo un alto nivel de despersonalización,&#xd;
sobre todo los médicos, y un 27,9% tuvo una baja&#xd;
realización personal, en especial los técnicos y los médicos.&#xd;
Mediante un análisis de regresión logística múltiple, se asoció&#xd;
un alto nivel de cansancio emocional al consumo de tranquilizantes&#xd;
o antidepresivos con asiduidad, mientras que el&#xd;
optimismo y la satisfacción profesional mostraron una asociación&#xd;
inversa. Los años de profesión, el optimismo, valorar&#xd;
como útil el trabajo y percibir que se es valorado por los demás&#xd;
se asociaron inversamente con un alto nivel de despersonalización.&#xd;
La baja realización personal se asoció inversamente&#xd;
con el optimismo, la valoración de la utilidad del trabajo y&#xd;
el equipo de trabajo.&#xd;
Conclusiones: A partir de los resultados obtenidos, recomendamos&#xd;
mejorar el clima organizacional y potenciar el optimismo&#xd;
y la autoestima individual, para disminuir el desgaste&#xd;
profesional en los hospitales</subfield>
   </datafield>
   <datafield ind1="8" ind2=" " tag="024">
      <subfield code="a">http://hdl.handle.net/10256/16504</subfield>
   </datafield>
   <datafield tag="653" ind2=" " ind1=" ">
      <subfield code="a">Síndrome d'esgotament professional</subfield>
   </datafield>
   <datafield tag="653" ind2=" " ind1=" ">
      <subfield code="a">Burn out (Psychology)</subfield>
   </datafield>
   <datafield tag="653" ind2=" " ind1=" ">
      <subfield code="a">Personal sanitari</subfield>
   </datafield>
   <datafield tag="653" ind2=" " ind1=" ">
      <subfield code="a">Health personnel</subfield>
   </datafield>
   <datafield ind2="0" ind1="0" tag="245">
      <subfield code="a">Desgaste profesional en el personal sanitario y su relación con los factores personales y ambientales</subfield>
   </datafield>
   <datafield ind2="0" ind1="0" tag="245">
      <subfield code="a">Burnout syndrome in health workers and relationship with personal and environmental factors</subfield>
   </datafield>
</record></metadata></record></GetRecord></OAI-PMH>